|
|
|
|
| LEADER |
01815cas a2200241 a 4500 |
| 001 |
AALejournalIMF009513 |
| 008 |
230101c9999 xx r poo 0 0eng d |
| 020 |
|
|
|c 5.00 USD
|
| 020 |
|
|
|z 9781451818406
|
| 022 |
|
|
|a 1934-7685
|
| 040 |
|
|
|a BD-DhAAL
|c BD-DhAAL
|
| 110 |
2 |
|
|a International Monetary Fund.
|
| 245 |
1 |
0 |
|a Indonesia :
|b 2007 Article IV Consultation; Staff Report; Staff Statement; Public Information Notice on the Executive Board Discussion; and Statement by the Executive Director for Indonesia.
|
| 264 |
|
1 |
|a Washington, D.C. :
|b International Monetary Fund,
|c 2007.
|
| 300 |
|
|
|a 1 online resource (76 pages)
|
| 490 |
1 |
|
|a IMF Staff Country Reports
|
| 500 |
|
|
|a <strong>Off-Campus Access:</strong> No User ID or Password Required
|
| 500 |
|
|
|a <strong>On-Campus Access:</strong> No User ID or Password Required
|
| 506 |
|
|
|a Electronic access restricted to authorized BRAC University faculty, staff and students
|
| 520 |
3 |
|
|a This 2007 Article IV Consultation highlights that Indonesia's economic performance has been strong since the last Article IV Consultation. Supported by sound policies and a favorable external environment, output has grown strongly, inflation has stabilized, and international reserves have risen to an all-time high. The government, banking, and corporate sectors continued to reduce balance sheet vulnerabilities. Indonesia's financial markets have rallied in line with global trends and perceptions that risks have been reduced. The government continues to implement its comprehensive reform agenda to boost growth over the medium term.
|
| 538 |
|
|
|a Mode of access: Internet
|
| 830 |
|
0 |
|a IMF Staff Country Reports; Country Report ;
|v No. 2007/272
|
| 856 |
4 |
0 |
|z Full text available on IMF
|u http://elibrary.imf.org/view/journals/002/2007/272/002.2007.issue-272-en.xml
|z IMF e-Library
|